000 00764cab a2200229 4500
001 WB2401-19
008 090401t1987 xxu||||| |||| 00| 0 eng d
035 _a(Sirsi) u93899
041 _aeng
245 _aInner city roadshows
260 _c1987
350 _a0
490 _aTimes
_v28/12/87 p1
520 _aThe minister responsible for inner cities, Mr Kenneth Clarke, is to organise a series of "road shows" for private companies and potential investors, to encourage the role of the private sector in urban regeneration .
650 _aINNER CITY RENEWAL
650 _aINVESTMENT
650 _aPRIVATE SECTOR DEVELOPMENT
650 _aURBAN DEVELOPMENT CORPORATIONS
690 _aPLANNING LAW AND PRACTICE
942 _n0
948 _c04/03/1997
999 _c59510
_d59510